[Event "Stay Safe Play From Home 319"]
[Site "Emanuel Lasker Arena"]
[Date "2020.07.21"]
[Round "1"]
[White "NTBT_DHS"]
[Black "AChessPlayer"]
[Result "1-0"]
[WhiteElo "2498"]
[BlackElo "2448"]
[Annotator "TA"]
[PlyCount "117"]
[EventDate "2020.07.21"]
[EventType "swiss (blitz)"]

{[%evp 9,117,9,38,42,54,11,29,8,27,5,36,2,24,-32,14,0,0,0,0,0,7,-86,-67,-63,-63,-79,-27,-82,-71,-142,-107,-277,-120,-160,-134,-148,-129,-124,-66,-62,-65,-61,0,-62,-57,-76,-70,-60,-36,-27,-20,-21,0,-6,0,-15,0,0,0,-73,-66,-63,-63,-58,-61,-61,-61,-64,-64,-64,-39,-111,-109,-110,-98,-177,-132,-225,-212,-662,29982,29980,29981,29982,29982,29982,29983,29984,29985,29982,29986,29987,29989,29989,29990,29989,29991,29992,29992,29993,29994,29995,29995,29996,29996,29997,29997,29998,29998,29999]} 1. e4 d6 2. Nf3 g6 3. Bc4 Bg7 4. O-O c5 5. c3 e6 6. d4 {B06: Modern Defence.} cxd4 7. Nxd4 {Threatens to win with Nb5.} a6 8. a4 {[#] White has an edge.} Ne7 $146 ({Predecessor:} 8... Nf6 9. Nd2 b6 10. Bb3 Bb7 11. Qe2 Nc6 12. Nxc6 Bxc6 13. Rd1 Qc7 14. Nc4 Nxe4 {½-½ (44) Hein,A (2320)-Siemers,J (2205) Germany 1997}) 9. Bg5 h6 10. Bh4 O-O 11. f4 (11. Nd2 $11) 11... Qc7 12. Bb3 Nbc6 13. Kh1 Nxd4 14. cxd4 d5 15. Nc3 (15. Bxe7 $11 Qxe7 16. exd5) 15... dxe4 $17 16. Nxe4 Nf5 17. Bf6 Bd7 ({Black should play} 17... Bxf6 $17 18. Nxf6+ Kg7) 18. Rc1 (18. d5 $11) 18... Bc6 {Hoping for ...Ne3.} 19. Be5 (19. d5 $142 exd5 20. Bxd5 (20. Bxg7 Kxg7 21. Ng3 Nxg3+ 22. hxg3 Qd6 $17)) 19... Qd8 20. Qe2 $2 (20. Qe1 $17) 20... Rc8 (20... Nxd4 $19 {and Black stays clearly on top.} 21. Qe3 Nxb3 22. Rxc6 bxc6 23. Qxb3 Qd5) 21. Rfd1 Qh4 22. Rxc6 Rxc6 ({Don't take} 22... bxc6 23. g3 $15) 23. g3 Qd8 (23... Qe7 $17 {And now ...f6 would win.} 24. g4 Nh4) 24. d5 $15 exd5 $1 25. Bxd5 Qe8 (25... Qb6 $15 26. Bxc6 Qxc6 27. Bxg7 Kxg7) 26. Bxc6 ({Better is} 26. g4 $11 Ne7 27. Bxc6 Qxc6 28. Rd6 Qxa4 29. Nc5) 26... Qxc6 27. Bxg7 Kxg7 28. Qf3 Re8 29. Qc3+ Qxc3 30. Nxc3 $11 {[%mdl 4096] Endgame KRN-KRN} Re7 31. Kg1 h5 32. Kf2 Nh6 33. Rd6 Ng4+ 34. Kg2 {[#]} (34. Kg1 $1 $11 {remains equal.}) 34... Ne3+ $1 $17 35. Kf3 Nc4 36. Rd4 Nxb2 37. Ne4 Rc7 38. Nd6 {Strongly threatening Ne8+.} Rc3+ 39. Kg2 Nd3 40. Ne8+ (40. Re4 $15) 40... Kf8 41. Nd6 Nc5 42. Kf2 (42. f5 $17) 42... Kg7 43. Rd5 (43. Ne8+ $17 Kf8 44. Nd6) 43... b6 $19 ({Don't do} 43... Nxa4 44. Nxb7 Rc7 45. Nd6 $17) 44. Rxc5 $2 {KRN-KR} (44. f5) 44... a5 $4 {[%mdl 8192] [#]} (44... Rxc5 $19 45. Ke3 Rc6) 45. Ne8+ {White mates.} Kf8 46. Rxc3 Kxe8 {KR-KP} 47. Rc6 Kd7 48. Rxb6 Kc7 49. Rb5 Kd7 50. Rxa5 {KR-K3P} Ke8 51. Rb5 Ke7 52. Rb7+ Kf8 53. a5 Kg7 54. a6 Kh6 55. a7 h4 56. a8=Q {[%cal Ra8h8]} hxg3+ 57. hxg3 {[%cal Ra8h8]} Kh5 58. Qd8 {[%csl Gg3][%cal Rd8h4]} Kg4 59. Qg5+ {Accuracy: White = 47%, Black = 66%.} 1-0

[Event "Stay Safe Play From Home 319"]
[Site "Emanuel Lasker Arena"]
[Date "2020.07.21"]
[Round "1"]
[White "SoulofWolf"]
[Black "Mandy"]
[Result "1-0"]
[WhiteElo "2180"]
[BlackElo "886"]
[PlyCount "29"]
[EventDate "2020.07.21"]
[EventType "swiss (blitz)"]

1. d4 {[%emt 0:00:00]} d5 {[%emt 0:00:02]} 2. Nf3 {[%emt 0:00:00]} c6 {[%emt 0:00:01]} 3. Bg5 {[%emt 0:00:01]} h6 {[%emt 0:00:06]} 4. Bh4 {[%emt 0:00:01]} Nf6 {[%emt 0:00:03]} 5. e3 {[%emt 0:00:01]} e6 {[%emt 0:00:08]} 6. Nbd2 {[%emt 0:00:00]} Bb4 {[%emt 0:00:04]} 7. Bd3 {[%emt 0:00:01]} O-O {[%emt 0:00:05]} 8. O-O {[%emt 0:00:01]} g6 {[%emt 0:00:07]} 9. a4 {[%emt 0:00:02]} Nbd7 {[%emt 0:00:04]} 10. e4 {[%emt 0:00:00]} b6 {[%emt 0:00:03]} 11. e5 {[%emt 0:00:01]} Ne4 {[%emt 0:00:09]} 12. Bxd8 {[%emt 0:00:02]} Rxd8 {[%emt 0:00:02]} 13. Nxe4 {[%emt 0:00:01]} dxe4 {[%emt 0:00:02]} 14. Bxe4 {[%emt 0:00:00]} Nf6 {[%emt 0:00:02]} 15. exf6 {[%emt 0:00:01] Zeit (Lag: Av=0.55s, max=1.1s)} 1-0

[Event "Stay Safe Play From Home 319"]
[Site "Emanuel Lasker Arena"]
[Date "2020.07.21"]
[Round "1"]
[White "Lazieri3"]
[Black "Haris kollari 13"]
[Result "1-0"]
[WhiteElo "2129"]
[BlackElo "1724"]
[Annotator "NA"]
[PlyCount "63"]
[EventDate "2020.07.21"]
[EventType "swiss (blitz)"]

1. e4 {[%emt 0:00:02]} e6 {[%emt 0:00:00]} 2. Nc3 {[%emt 0:00:00]} d5 {[%emt 0:00:01]} 3. exd5 {[%emt 0:00:00]} exd5 {[%emt 0:00:01]} 4. d4 {[%emt 0:00:00]} c6 {[%emt 0:00:01]} 5. Nf3 {[%emt 0:00:00]} Be6 {[%emt 0:00:01]} 6. Bg5 {[%emt 0:00:01]} Nf6 {[%emt 0:00:02]} 7. Bd3 {[%emt 0:00:02]} Be7 {[%emt 0:00:01]} 8. Ne5 {[%emt 0:00:01]} O-O {[%emt 0:00:03]} 9. O-O {[%emt 0:00:02]} h6 {[%emt 0:00:02]} 10. Bh4 {[%emt 0:00:01]} Nbd7 {[%emt 0:00:04]} 11. Nxd7 {[%emt 0:00:01]} Nxd7 {[%emt 0:00:03]} 12. h3 {[%emt 0:00:00]} Bxh4 {[%emt 0:00:02]} 13. Ne2 {[%emt 0:00:00]} Bf6 {[%emt 0:00:01]} 14. Nf4 {[%emt 0:00:01]} Re8 {[%emt 0:00:01]} 15. c3 {[%emt 0:00:01]} Nf8 {[%emt 0:00:01]} 16. Re1 {[%emt 0:00:01]} Qc7 {[%emt 0:00:01]} 17. Qd2 {[%emt 0:00:01]} Bg5 {[%emt 0:00:02]} 18. g3 {[%emt 0:00:01]} Bxf4 {[%emt 0:00:02]} 19. gxf4 {[%emt 0:00:00]} Bxh3 {[%emt 0:00:05]} 20. f5 {[%emt 0:00:04]} Qd6 {[%emt 0:00:06]} 21. Re3 {[%emt 0:00:06]} Rxe3 {[%emt 0:00:03]} 22. Qxe3 {[%emt 0:00:00]} Bxf5 {[%emt 0:00:05]} 23. Bxf5 {[%emt 0:00:02]} Qf6 {[%emt 0:00:01]} 24. Bh3 {[%emt 0:00:01]} Ng6 {[%emt 0:00:07]} 25. Re1 {[%emt 0:00:01]} Qg5+ {[%emt 0:00:01]} 26. Qxg5 {[%emt 0:00:03]} hxg5 {[%emt 0:00:00]} 27. Bf5 {[%emt 0:00:00]} Nf4 {[%emt 0:00:01]} 28. Re7 {[%emt 0:00:01]} g6 {[%emt 0:00:01]} 29. Bc2 {[%emt 0:00:02]} Rb8 {[%emt 0:00:00]} 30. a4 {[%emt 0:00:02]} Kg7 {[%emt 0:00:01]} 31. c4 {[%emt 0:00:01]} Kf6 {[%emt 0:00:01]} 32. Rc7 {[%emt 0:00:01] Time (Lag: Av=0.51s, max=1.1s)} 1-0

[Event "Stay Safe Play From Home 319"]
[Site "Emanuel Lasker Arena"]
[Date "2020.07.21"]
[Round "1"]
[White "TheCHESSHOUSE"]
[Black "Sfantul321"]
[Result "1/2-1/2"]
[WhiteElo "2115"]
[BlackElo "1964"]
[Annotator "NA"]
[PlyCount "135"]
[EventDate "2020.07.21"]
[EventType "swiss (blitz)"]

1. d4 {[%emt 0:00:05]} g6 {[%emt 0:00:00]} 2. c4 {[%emt 0:00:00]} Bg7 {[%emt 0:00:00]} 3. Nc3 {[%emt 0:00:01]} d6 {[%emt 0:00:01]} 4. e4 {[%emt 0:00:01]} Nf6 {[%emt 0:00:01]} 5. Nf3 {[%emt 0:00:00]} O-O {[%emt 0:00:01]} 6. Be2 {[%emt 0:00:00]} Bg4 {[%emt 0:00:01]} 7. O-O {[%emt 0:00:00]} c5 {[%emt 0:00:01]} 8. Be3 {[%emt 0:00:01]} cxd4 {[%emt 0:00:01]} 9. Bxd4 {[%emt 0:00:01]} Bxf3 {[%emt 0:00:01]} 10. Bxf3 {[%emt 0:00:00]} Nc6 {[%emt 0:00:00]} 11. Be3 {[%emt 0:00:01]} Ne5 {[%emt 0:00:01]} 12. Be2 {[%emt 0:00:00]} Rc8 {[%emt 0:00:01]} 13. f4 {[%emt 0:00:01]} Nxc4 {[%emt 0:00:01]} 14. Bf2 {[%emt 0:00:00]} a6 {[%emt 0:00:01]} 15. b3 {[%emt 0:00:04]} Ne3 {[%emt 0:00:03]} 16. Bxe3 {[%emt 0:00:01]} Rxc3 {[%emt 0:00:01]} 17. Bd4 {[%emt 0:00:00]} Rc8 {[%emt 0:00:01]} 18. Bf3 {[%emt 0:00:03]} Qa5 {[%emt 0:00:02]} 19. Qe2 {[%emt 0:00:02]} e5 {[%emt 0:00:01]} 20. Be3 {[%emt 0:00:04]} exf4 {[%emt 0:00:01]} 21. Bxf4 {[%emt 0:00:00]} Rfd8 {[%emt 0:00:02]} 22. Kh1 {[%emt 0:00:01]} Nh5 {[%emt 0:00:04]} 23. Bxh5 {[%emt 0:00:05]} Bxa1 {[%emt 0:00:02]} 24. Bg4 {[%emt 0:00:01]} Be5 {[%emt 0:00:02]} 25. Bxc8 {[%emt 0:00:04]} Rxc8 {[%emt 0:00:01]} 26. Bxe5 {[%emt 0:00:01]} Qxe5 {[%emt 0:00:02]} 27. Qf3 {[%emt 0:00:01]} Rc7 {[%emt 0:00:01]} 28. h3 {[%emt 0:00:01]} h5 {[%emt 0:00:01]} 29. g4 {[%emt 0:00:02]} hxg4 {[%emt 0:00:01]} 30. hxg4 {[%emt 0:00:00]} Kg7 {[%emt 0:00:01]} 31. Rf2 {[%emt 0:00:01]} Qg5 {[%emt 0:00:02]} 32. Kg2 {[%emt 0:00:01]} Re7 {[%emt 0:00:03]} 33. a3 {[%emt 0:00:03]} Qe5 {[%emt 0:00:01]} 34. b4 {[%emt 0:00:01]} Qxe4 {[%emt 0:00:01]} 35. Qxe4 {[%emt 0:00:04]} Rxe4 {[%emt 0:00:01]} 36. Kf3 {[%emt 0:00:00]} Rc4 {[%emt 0:00:01]} 37. Re2 {[%emt 0:00:01]} Rc3+ {[%emt 0:00:00]} 38. Re3 {[%emt 0:00:00]} Rxe3+ {[%emt 0:00:01]} 39. Kxe3 {[%emt 0:00:00]} Kf6 {[%emt 0:00:00]} 40. Kf4 {[%emt 0:00:01]} Ke6 {[%emt 0:00:01]} 41. Ke4 {[%emt 0:00:00]} f5+ {[%emt 0:00:01]} 42. gxf5+ {[%emt 0:00:00]} gxf5+ {[%emt 0:00:01]} 43. Kf4 {[%emt 0:00:00]} Kf6 {[%emt 0:00:00]} 44. Kf3 {[%emt 0:00:01]} Ke5 {[%emt 0:00:00]} 45. Ke3 {[%emt 0:00:00]} d5 {[%emt 0:00:00]} 46. Kf3 {[%emt 0:00:00]} d4 {[%emt 0:00:01]} 47. Kf2 {[%emt 0:00:00]} b5 {[%emt 0:00:00]} 48. Ke2 {[%emt 0:00:00]} f4 {[%emt 0:00:00]} 49. a4 {[%emt 0:00:00]} Ke4 {[%emt 0:00:01]} 50. axb5 {[%emt 0:00:00]} axb5 {[%emt 0:00:00]} 51. Kf2 {[%emt 0:00:01]} d3 {[%emt 0:00:00]} 52. Kf1 {[%emt 0:00:01]} Kd4 {[%emt 0:00:00]} 53. Ke1 {[%emt 0:00:00]} Kc4 {[%emt 0:00:00]} 54. Kd2 {[%emt 0:00:00]} f3 {[%emt 0:00:01]} 55. Ke3 {[%emt 0:00:01]} Kxb4 {[%emt 0:00:00]} 56. Kf2 {[%emt 0:00:00]} Kc3 {[%emt 0:00:01]} 57. Kxf3 {[%emt 0:00:00]} Kc2 {[%emt 0:00:00]} 58. Ke3 {[%emt 0:00:01]} d2 {[%emt 0:00:00]} 59. Kf4 {[%emt 0:00:00]} d1=Q {[%emt 0:00:00]} 60. Ke5 {[%emt 0:00:00]} Qd3 {[%emt 0:00:01]} 61. Kf6 {[%emt 0:00:00]} Kc3 {[%emt 0:00:00]} 62. Kg5 {[%emt 0:00:00]} b4 {[%emt 0:00:00]} 63. Kf4 {[%emt 0:00:00]} b3 {[%emt 0:00:00]} 64. Ke5 {[%emt 0:00:00]} b2 {[%emt 0:00:00]} 65. Kf6 {[%emt 0:00:00]} b1=Q {[%emt 0:00:00]} 66. Kg5 {[%emt 0:00:00]} Qe1 {[%emt 0:00:00]} 67. Kg4 {[%emt 0:00:00]} Qde3 {[%emt 0:00:01]} 68. Kh5 {[%emt 0:00:00] Time (Lag: Av=0.53s, max=0.8s)} 1/2-1/2

[Event "Stay Safe Play From Home 319"]
[Site "Emanuel Lasker Arena"]
[Date "2020.07.21"]
[Round "1"]
[White "Bardellosport"]
[Black "Meini"]
[Result "1-0"]
[WhiteElo "1990"]
[BlackElo "1581"]
[PlyCount "35"]
[EventDate "2020.07.21"]
[EventType "swiss (blitz)"]

1. d4 {[%emt 0:00:02]} d5 {[%emt 0:00:02]} 2. e3 {[%emt 0:00:00]} c6 {[%emt 0:00:01]} 3. f4 {[%emt 0:00:00]} Nf6 {[%emt 0:00:02]} 4. Nf3 {[%emt 0:00:00]} e6 {[%emt 0:00:00]} 5. Bd3 {[%emt 0:00:01]} Be7 {[%emt 0:00:00]} 6. c3 {[%emt 0:00:01]} O-O {[%emt 0:00:00]} 7. Qe2 {[%emt 0:00:00]} b6 {[%emt 0:00:00]} 8. O-O {[%emt 0:00:01]} Bb7 {[%emt 0:00:00]} 9. Nbd2 {[%emt 0:00:01]} Nbd7 {[%emt 0:00:00]} 10. Ne5 {[%emt 0:00:01]} c5 {[%emt 0:00:00]} 11. Rf3 {[%emt 0:00:01]} cxd4 {[%emt 0:00:01]} 12. exd4 {[%emt 0:00:01]} Rc8 {[%emt 0:00:03]} 13. g4 {[%emt 0:00:01]} a6 {[%emt 0:00:01]} 14. g5 {[%emt 0:00:01]} Ne8 {[%emt 0:00:01]} 15. Bxh7+ {[%emt 0:00:01]} Kxh7 {[%emt 0:00:01]} 16. Rh3+ {[%emt 0:00:01]} Kg8 {[%emt 0:00:01]} 17. Qh5 {[%emt 0:00:01]} Nef6 {[%emt 0:00:03]} 18. Qh8# {[%emt 0:00:01] (Lag: Av=0.34s, max=0.4s)} 1-0

[Event "Stay Safe Play From Home 319"]
[Site "Emanuel Lasker Arena"]
[Date "2020.07.21"]
[Round "1"]
[White "Cirovicz"]
[Black "Mamba2001de"]
[Result "1-0"]
[WhiteElo "1954"]
[BlackElo "1486"]
[Annotator "NA"]
[PlyCount "83"]
[EventDate "2020.07.21"]
[EventType "swiss (blitz)"]

1. e4 {[%emt 0:00:02]} e6 {[%emt 0:00:01]} 2. Nf3 {[%emt 0:00:01]} d5 {[%emt 0:00:01]} 3. exd5 {[%emt 0:00:00]} exd5 {[%emt 0:00:01]} 4. d4 {[%emt 0:00:00]} Nf6 {[%emt 0:00:01]} 5. c4 {[%emt 0:00:00]} Be7 {[%emt 0:00:01]} 6. Nc3 {[%emt 0:00:00]} c6 {[%emt 0:00:01]} 7. c5 {[%emt 0:00:00]} Bg4 {[%emt 0:00:01]} 8. Bg5 {[%emt 0:00:01]} Nbd7 {[%emt 0:00:01]} 9. Bxf6 {[%emt 0:00:02]} Bxf6 {[%emt 0:00:01]} 10. Be2 {[%emt 0:00:02]} O-O {[%emt 0:00:01]} 11. h3 {[%emt 0:00:02]} Be6 {[%emt 0:00:02]} 12. O-O {[%emt 0:00:02]} b6 {[%emt 0:00:01]} 13. cxb6 {[%emt 0:00:02]} axb6 {[%emt 0:00:01]} 14. a4 {[%emt 0:00:01]} c5 {[%emt 0:00:01]} 15. dxc5 {[%emt 0:00:02]} bxc5 {[%emt 0:00:01]} 16. Nxd5 {[%emt 0:00:01]} Nb6 {[%emt 0:00:03]} 17. Nxb6 {[%emt 0:00:01]} Qxb6 {[%emt 0:00:01]} 18. Bb5 {[%emt 0:00:02]} Rab8 {[%emt 0:00:02]} 19. Rb1 {[%emt 0:00:01]} Bf5 {[%emt 0:00:02]} 20. Rc1 {[%emt 0:00:06]} Rfd8 {[%emt 0:00:01]} 21. Qe2 {[%emt 0:00:02]} Bd3 {[%emt 0:00:02]} 22. Bxd3 {[%emt 0:00:03]} Rxd3 {[%emt 0:00:01]} 23. Qxd3 {[%emt 0:00:01]} h6 {[%emt 0:00:01]} 24. Rcd1 {[%emt 0:00:01]} c4 {[%emt 0:00:01]} 25. Qd6 {[%emt 0:00:01]} Qxb2 {[%emt 0:00:02]} 26. Nd4 {[%emt 0:00:02]} Bxd4 {[%emt 0:00:02]} 27. Qxd4 {[%emt 0:00:01]} Qxd4 {[%emt 0:00:02]} 28. Rxd4 {[%emt 0:00:01]} Rc8 {[%emt 0:00:00]} 29. Rc1 {[%emt 0:00:01]} c3 {[%emt 0:00:01]} 30. Rd3 {[%emt 0:00:01]} c2 {[%emt 0:00:00]} 31. Rd2 {[%emt 0:00:01]} g5 {[%emt 0:00:00]} 32. Rdxc2 {[%emt 0:00:01]} Ra8 {[%emt 0:00:01]} 33. Rc8+ {[%emt 0:00:01]} Rxc8 {[%emt 0:00:02]} 34. Rxc8+ {[%emt 0:00:01]} Kg7 {[%emt 0:00:00]} 35. a5 {[%emt 0:00:01]} Kf6 {[%emt 0:00:01]} 36. a6 {[%emt 0:00:00]} g4 {[%emt 0:00:00]} 37. a7 {[%emt 0:00:00]} gxh3 {[%emt 0:00:01]} 38. gxh3 {[%emt 0:00:01]} Kg5 {[%emt 0:00:02]} 39. a8=Q {[%emt 0:00:02]} f5 {[%emt 0:00:01]} 40. h4+ {[%emt 0:00:01]} Kxh4 {[%emt 0:00:01]} 41. Rg8 {[%emt 0:00:01]} Kh5 {[%emt 0:00:02]} 42. Qh1# {[%emt 0:00:02] (Lag: Av=0.67s, max=3.1s)} 1-0

[Event "Stay Safe Play From Home 319"]
[Site "Emanuel Lasker Arena"]
[Date "2020.07.21"]
[Round "2"]
[White "AChessPlayer"]
[Black "Sfantul321"]
[Result "1-0"]
[WhiteElo "2433"]
[BlackElo "1971"]
[Annotator "NA"]
[PlyCount "107"]
[EventDate "2020.07.21"]
[EventType "swiss (blitz)"]

1. Nf3 {[%emt 0:00:01]} g6 {[%emt 0:00:00]} 2. g3 {[%emt 0:00:01]} Bg7 {[%emt 0:00:00]} 3. Bg2 {[%emt 0:00:00]} d6 {[%emt 0:00:00]} 4. O-O {[%emt 0:00:00]} Nf6 {[%emt 0:00:00]} 5. d4 {[%emt 0:00:00]} O-O {[%emt 0:00:00]} 6. Nc3 {[%emt 0:00:01]} Nc6 {[%emt 0:00:00]} 7. e4 {[%emt 0:00:01]} Bg4 {[%emt 0:00:01]} 8. d5 {[%emt 0:00:00]} Ne5 {[%emt 0:00:01]} 9. Bf4 {[%emt 0:00:02]} Nxf3+ {[%emt 0:00:01]} 10. Bxf3 {[%emt 0:00:01]} Bxf3 {[%emt 0:00:00]} 11. Qxf3 {[%emt 0:00:01]} Qd7 {[%emt 0:00:00]} 12. Rfe1 {[%emt 0:00:01]} Qh3 {[%emt 0:00:01]} 13. Qg2 {[%emt 0:00:01]} Qxg2+ {[%emt 0:00:01]} 14. Kxg2 {[%emt 0:00:00]} h6 {[%emt 0:00:01]} 15. Be3 {[%emt 0:00:01]} e5 {[%emt 0:00:01]} 16. f3 {[%emt 0:00:03]} Nd7 {[%emt 0:00:01]} 17. g4 {[%emt 0:00:00]} a6 {[%emt 0:00:01]} 18. a3 {[%emt 0:00:03]} f5 {[%emt 0:00:01]} 19. h3 {[%emt 0:00:01]} fxg4 {[%emt 0:00:02]} 20. fxg4 {[%emt 0:00:01]} Rf7 {[%emt 0:00:01]} 21. Rf1 {[%emt 0:00:00]} Raf8 {[%emt 0:00:01]} 22. Rxf7 {[%emt 0:00:01]} Rxf7 {[%emt 0:00:00]} 23. Ne2 {[%emt 0:00:01]} Nf6 {[%emt 0:00:03]} 24. Ng3 {[%emt 0:00:01]} g5 {[%emt 0:00:00]} 25. c4 {[%emt 0:00:01]} c6 {[%emt 0:00:01]} 26. b4 {[%emt 0:00:00]} cxd5 {[%emt 0:00:01]} 27. exd5 {[%emt 0:00:01]} Rc7 {[%emt 0:00:01]} 28. c5 {[%emt 0:00:08]} dxc5 {[%emt 0:00:03]} 29. Bxc5 {[%emt 0:00:01]} Nxd5 {[%emt 0:00:01]} 30. Ne4 {[%emt 0:00:00]} Nf4+ {[%emt 0:00:02]} 31. Kg3 {[%emt 0:00:01]} Ne6 {[%emt 0:00:01]} 32. Rd1 {[%emt 0:00:01]} Nxc5 {[%emt 0:00:02]} 33. bxc5 {[%emt 0:00:01]} Kh7 {[%emt 0:00:04]} 34. Rd8 {[%emt 0:00:01]} Re7 {[%emt 0:00:03]} 35. a4 {[%emt 0:00:00]} a5 {[%emt 0:00:01]} 36. Kf3 {[%emt 0:00:01]} Kg6 {[%emt 0:00:01]} 37. Ke3 {[%emt 0:00:00]} h5 {[%emt 0:00:01]} 38. Kd3 {[%emt 0:00:01]} hxg4 {[%emt 0:00:01]} 39. hxg4 {[%emt 0:00:00]} Rf7 {[%emt 0:00:02]} 40. Kc4 {[%emt 0:00:00]} Rf4 {[%emt 0:00:02]} 41. Kd5 {[%emt 0:00:00]} Rxg4 {[%emt 0:00:01]} 42. Rd7 {[%emt 0:00:00]} Rg1 {[%emt 0:00:02]} 43. Rxb7 {[%emt 0:00:01]} Ra1 {[%emt 0:00:01]} 44. c6 {[%emt 0:00:00]} Rxa4 {[%emt 0:00:01]} 45. c7 {[%emt 0:00:01]} Ra1 {[%emt 0:00:00]} 46. c8=Q {[%emt 0:00:02]} Rd1+ {[%emt 0:00:00]} 47. Ke6 {[%emt 0:00:01]} Kh5 {[%emt 0:00:01]} 48. Qe8+ {[%emt 0:00:01]} Kg4 {[%emt 0:00:01]} 49. Qg6 {[%emt 0:00:01]} Rd4 {[%emt 0:00:02]} 50. Qxg5+ {[%emt 0:00:01]} Kf3 {[%emt 0:00:01]} 51. Qf5+ {[%emt 0:00:00]} Ke2 {[%emt 0:00:01]} 52. Rb2+ {[%emt 0:00:01]} Kd3 {[%emt 0:00:02]} 53. Nc5+ {[%emt 0:00:01]} Kc3 {[%emt 0:00:01]} 54. Qc2# {[%emt 0:00:01] (Lag: Av=0.33s, max=0.5s)} 1-0

[Event "Stay Safe Play From Home 319"]
[Site "Emanuel Lasker Arena"]
[Date "2020.07.21"]
[Round "2"]
[White "Lazieri3"]
[Black "Cirovicz"]
[Result "1-0"]
[WhiteElo "2132"]
[BlackElo "1956"]
[PlyCount "73"]
[EventDate "2020.07.21"]
[EventType "swiss (blitz)"]

1. e4 {[%emt 0:00:02]} e6 {[%emt 0:00:01]} 2. Nc3 {[%emt 0:00:00]} c5 {[%emt 0:00:00]} 3. d4 {[%emt 0:00:00]} cxd4 {[%emt 0:00:02]} 4. Qxd4 {[%emt 0:00:00]} Nc6 {[%emt 0:00:01]} 5. Qe3 {[%emt 0:00:01]} d6 {[%emt 0:00:02]} 6. Nf3 {[%emt 0:00:00]} Be7 {[%emt 0:00:00]} 7. Bb5 {[%emt 0:00:00]} Nf6 {[%emt 0:00:01]} 8. h3 {[%emt 0:00:01]} Bd7 {[%emt 0:00:01]} 9. O-O {[%emt 0:00:00]} Ne5 {[%emt 0:00:01]} 10. Bxd7+ {[%emt 0:00:02]} Qxd7 {[%emt 0:00:01]} 11. Nxe5 {[%emt 0:00:01]} dxe5 {[%emt 0:00:01]} 12. Rd1 {[%emt 0:00:00]} Qc7 {[%emt 0:00:01]} 13. Nb5 {[%emt 0:00:02]} Qc8 {[%emt 0:00:04]} 14. Qg5 {[%emt 0:00:05]} O-O {[%emt 0:00:02]} 15. Qxe5 {[%emt 0:00:01]} Qxc2 {[%emt 0:00:03]} 16. Bg5 {[%emt 0:00:02]} Qxe4 {[%emt 0:00:03]} 17. Qxe4 {[%emt 0:00:01]} Nxe4 {[%emt 0:00:02]} 18. Bxe7 {[%emt 0:00:01]} Rfe8 {[%emt 0:00:01]} 19. Nd6 {[%emt 0:00:03]} Rxe7 {[%emt 0:00:02]} 20. Nxe4 {[%emt 0:00:01]} f5 {[%emt 0:00:01]} 21. Nc5 {[%emt 0:00:03]} b6 {[%emt 0:00:02]} 22. Nd3 {[%emt 0:00:01]} e5 {[%emt 0:00:01]} 23. Nb4 {[%emt 0:00:02]} e4 {[%emt 0:00:02]} 24. Nc6 {[%emt 0:00:02]} Re6 {[%emt 0:00:02]} 25. Nd4 {[%emt 0:00:03]} Re5 {[%emt 0:00:01]} 26. Rac1 {[%emt 0:00:01]} g5 {[%emt 0:00:02]} 27. Nc6 {[%emt 0:00:01]} Re6 {[%emt 0:00:03]} 28. Rd7 {[%emt 0:00:01]} f4 {[%emt 0:00:03]} 29. Nd4 {[%emt 0:00:02]} Rf6 {[%emt 0:00:03]} 30. Rcc7 {[%emt 0:00:01]} e3 {[%emt 0:00:01]} 31. Rg7+ {[%emt 0:00:01]} Kf8 {[%emt 0:00:01]} 32. fxe3 {[%emt 0:00:00]} fxe3 {[%emt 0:00:02]} 33. Rxh7 {[%emt 0:00:00]} Kg8 {[%emt 0:00:01]} 34. Rhe7 {[%emt 0:00:01]} Raf8 {[%emt 0:00:02]} 35. Rg7+ {[%emt 0:00:02]} Kh8 {[%emt 0:00:01]} 36. Rh7+ {[%emt 0:00:00]} Kg8 {[%emt 0:00:00]} 37. Rcg7# {[%emt 0:00:00] (Lag: Av=0.80s, max=1.3s)} 1-0

[Event "Stay Safe Play From Home 319"]
[Site "Emanuel Lasker Arena"]
[Date "2020.07.21"]
[Round "2"]
[White "Fischer_11"]
[Black "Trotsky"]
[Result "1-0"]
[WhiteElo "2012"]
[BlackElo "1646"]
[Annotator "NA"]
[PlyCount "41"]
[EventDate "2020.07.21"]
[EventType "swiss (blitz)"]

1. e4 {[%emt 0:00:01]} c5 {[%emt 0:00:01]} 2. c3 {[%emt 0:00:01]} e6 {[%emt 0:00:01]} 3. d4 {[%emt 0:00:01]} d5 {[%emt 0:00:01]} 4. exd5 {[%emt 0:00:01]} exd5 {[%emt 0:00:01]} 5. Be3 {[%emt 0:00:00]} c4 {[%emt 0:00:02]} 6. b3 {[%emt 0:00:01]} Be6 {[%emt 0:00:01]} 7. bxc4 {[%emt 0:00:00]} Nc6 {[%emt 0:00:03]} 8. Nd2 {[%emt 0:00:00]} Nf6 {[%emt 0:00:01]} 9. cxd5 {[%emt 0:00:00]} Bxd5 {[%emt 0:00:02]} 10. c4 {[%emt 0:00:00]} Be4 {[%emt 0:00:06]} 11. Nxe4 {[%emt 0:00:02]} Nxe4 {[%emt 0:00:01]} 12. Bd3 {[%emt 0:00:00]} Nd6 {[%emt 0:00:02]} 13. d5 {[%emt 0:00:01]} Ne5 {[%emt 0:00:02]} 14. Be2 {[%emt 0:00:02]} Qc7 {[%emt 0:00:01]} 15. c5 {[%emt 0:00:02]} Nf5 {[%emt 0:00:01]} 16. d6 {[%emt 0:00:01]} Qc6 {[%emt 0:00:05]} 17. Qb3 {[%emt 0:00:05]} a6 {[%emt 0:00:09]} 18. Nf3 {[%emt 0:00:02]} O-O-O {[%emt 0:00:06]} 19. Nxe5 {[%emt 0:00:02]} Qxg2 {[%emt 0:00:02]} 20. Bf3 {[%emt 0:00:02]} Qh3 {[%emt 0:00:05]} 21. Qxb7# {[%emt 0:00:02] (Lag: Av=0.22s, max=0.3s)} 1-0

[Event "Stay Safe Play From Home 319"]
[Site "Emanuel Lasker Arena"]
[Date "2020.07.21"]
[Round "2"]
[White "Bardellosport"]
[Black "NTBT_DHS"]
[Result "0-1"]
[WhiteElo "1993"]
[BlackElo "2512"]
[Annotator "TA"]
[PlyCount "34"]
[EventDate "2020.07.21"]
[EventType "swiss (blitz)"]

{[%evp 9,34,-47,-31,-22,-17,-32,-34,-39,-8,-114,-106,-102,-110,-539,-553,-526,-241,-231,-193,-275,-281,-654,-671,-706,-692,-718,-710]} 1. d4 g6 2. e3 Bg7 3. f4 Nf6 4. Nf3 O-O 5. Bc4 d6 6. O-O {A45: Trompowsky Attack.} c5 7. c3 Nc6 {[#]} 8. Qe2 $146 {Black is slightly better.} ({Predecessor:} 8. a3 Qb6 9. Nbd2 cxd4 10. exd4 e5 11. Qb3 Qxb3 12. Nxb3 e4 13. Ne1 d5 14. Be2 {½-½ (45) Delgado Alarcon,J (2026)-Villar Reymundo,J (2215) Almansa 2017}) 8... Rb8 9. e4 (9. dxc5 $11 d5 10. Rd1) 9... cxd4 $17 10. cxd4 d5 $36 {[%mdl 2048] Black has strong initiative.} 11. Bd3 $2 {[%mdl 8192] [#]} (11. Bxd5 $17 {is tougher.} Nxd5 12. exd5) 11... dxe4 $19 12. Bxe4 Nxe4 (12... Nxd4 $142 13. Nxd4 Qxd4+ {[%mdl 64] Double Attack} 14. Be3 Qxe4) 13. Qxe4 Bf5 ({Resist} 13... Bxd4+ 14. Nxd4 Qxd4+ 15. Qxd4 $17) 14. Qe3 (14. Qe2 $142) 14... Nxd4 {...Nc2 is the strong threat.} 15. Nc3 $2 (15. Rd1 Nxf3+ 16. Qxf3 Qb6+ 17. Kh1) 15... Nc2 $1 {[%csl LRa1,LRe3][%mdl 64] [#] Double Attack. Black is clearly winning.} 16. Qf2 Nxa1 17. Be3 Nc2 {White got outplayed after the opening. Accuracy: White = 33%, Black = 59%.} 0-1